[Event "EU-ch 12th"]
[Site "Aix les Bains"]
[Date "2011.03.31"]
[Round "9"]
[White "Jones, Gawain C B"]
[Black "Gallagher, Joseph G"]
[Result "1-0"]
[WhiteElo "2578"]
[BlackElo "2500"]
[Annotator "Jones,G"]
[PlyCount "61"]
[EventDate "2011.03.22"]
[EventType "swiss"]
[EventRounds "11"]
[EventCountry "FRA"]
[SourceTitle "CBM 142 Extra"]
[Source "ChessBase"]
[SourceDate "2011.06.27"]
[SourceVersion "1"]
[SourceVersionDate "2011.06.27"]
[SourceQuality "1"]

1. e4 c5 2. d3 $5 {The Big Clamp. This innocuous looking move actually holds
some venom. It prepares f2-f4 with Grand Prix Attack style play. During the
European Championships I was sharing a flat with Luke McShane who has had some
great results on the White side of this position and inspired me to give it a
go. Of course such positions are hardly theoretical and there are not massive
streams of theory to learn but instead knowing various ideas is important. As
Joe is a time trouble addict I thought it was best to get him thinking on his
own as early as possible.} g6 (2... Nc6 {is of course a main alternative.
Stevic has had some recent examples on the White side.} 3. f4 d5 ({The
queenless middlegame arising from} 3... e6 4. Nf3 d5 5. Be2 dxe4 6. dxe4 Qxd1+
7. Bxd1 {is actually quite unpleasant for Black as White's f4 and e4 pawns
control the centre while the c5 pawn is a slight weakness.} Nf6 8. e5 Nd5 9. c4
Ndb4 10. Ke2 Be7 11. Nc3 O-O 12. a3 $16 {Stevic,H (2607)-Sanikidze,T (2564)
Plovdiv 2010.}) 4. Be2 Nf6 5. e5 Ng8 6. Nf3 g6 7. O-O Bg7 8. c4 {Stevic,H 
(2621)-Yilmaz,M (2476) Rijeka 2010. had certain similarities to the game.}) (
2... d5 {is perhaps the critical test of White's offbeat opening when White
can choose to play a Kings Indian Attack position with 3.Nd2 or else} 3. exd5 {
when one game continued} Qxd5 4. Nc3 Qd8 5. g3 Nf6 6. Bg2 g6 7. Be3 Nbd7 8. a4
$14 {Fedorov,A (2611)-Landenbergue,C (2435) Dresden 2007. and White has a
decent edge with his much better light squared bishop and potential play on
the queenside.}) 3. f4 ({Movsesian generally plays setups with} 3. g3 {but I
prefered to keep the game looking like a Grand Prix as I have more experience
in those positions.}) 3... Bg7 4. Nf3 Nc6 5. Be2 d5 {The most principled way
to try and exploit the fact White hasn't played Nc3.} ({Of course there are
alternatives. Luke won a pretty miniature following} 5... d6 6. O-O Nf6 7. Qe1
{Continuing the basic Grand Prix theme which is simplistic but brutal and
harder to stop than you might think.} c4 8. Kh1 O-O 9. Qh4 cxd3 (9... Nb4 {
was played in a later game but White could use the fact that he had not yet
developed his b1 knight to defend c2 with} 10. Na3 cxd3 11. cxd3 Nc6 12. f5
gxf5 13. Bh6 Bxh6 14. Qxh6 Ng4 15. Qg5+ Kh8 16. exf5 Nf6 17. Qf4 Bd7 18. Nc4
Nb4 19. Ng5 Nbd5 20. Qh4 {Stevic,H (2607)-Horvath,C (2529) Sibenik 2010. and
White's initiative on the kingside was starting to approach decisive
proportions.}) 10. cxd3 Bg4 11. Nc3 Bxf3 12. Bxf3 Qb6 13. Bd1 $1 {Clearing the
f3-square for the white rook and preparing to bring the bishop round to the
deadly a2-g8 diagonal.} Qa6 14. Rf3 Rfc8 15. Rh3 h5 16. f5 Ne5 17. Bg5 Kf8 18.
fxg6 fxg6 19. Bb3 Nxd3 20. Rf3 {1-0 McShane,L (2615)-Cheparinov,I (2667) Novi
Sad 2009. It's hard to believe that such barbaric play can beat such a strong
player with such ease and this contributed greatly to my choice to try this
out myself.}) (5... e6 {is of course the further option although White can try
to gain from the fact that he has not developed his knight and instead play
with c2-c3.}) 6. O-O Nf6 7. e5 Nd7 {So far we had been following another game
of Luke's but here Joe varied. He didn't know we were following that game of
course and had already used a hefty chunk of time.} (7... Ng4 {was the other
Loek (van Wely)'s choice.} 8. c3 d4 $6 {Very ambitious but Luke artfully
illustrates the flaw.} 9. Ng5 $1 Nh6 10. Bf3 {White has the strong positional
threat of 11.Bxc6 destroying Black's structure. Therefore Loek tried} dxc3 11.
bxc3 Nd4 $6 {but} 12. cxd4 $1 Qxd4+ 13. Rf2 Qxa1 14. Rb2 {and the black queen
was incarcerated forever.} Nf5 $2 {This appears to be the losing move.} (14...
f6 {is the computer's choice when Vigorito offers the following line from
ChessPublishing.} 15. Bxb7 (15. Nd2 fxg5 16. Nb3 Qxb2 17. Bxb2 gxf4 18. Nxc5 {
is also interesting.}) 15... Bxb7 (15... fxg5 $6 16. Bxa8 O-O 17. Na3 Bd7 18.
Bd5+ $18) 16. Qa4+ Kf8 17. Ne6+ Kf7 18. Qc4 {"is possible...although it looks
dangerous". Rybka reckons this position is a draw but practically these
positions are impossible to defend.}) {When Luke chose} 15. Nc3 {McShane,L 
(2620)-Van Wely,L (2655) London 2009. followed by 16.Nge4 and the queen soon
dropped.} ({However Vigorito points out that} 15. Bxb7 $1 {was immediately
winning. I can't resist redisplaying one of the wonderful lines he gives:} Bxb7
16. Qa4+ $1 Kf8 17. Qb3 c4 18. Qxc4 e6 19. Rxb7 Nh6 20. Rxf7+ $1 Nxf7 21. Qxe6
Nxg5 22. Ba3#)) 8. c4 $5 {Preparing for the game I had seen Stevic's game
which I showed in the notes above and saw that White could borrow this idea
from the Kings Indian Attack, another positive factor behind leaving the
knight on b1. A completely fresh position has arisen after just 8 moves and we
can battle on our own :)} (8. Nc3 $5 {actually looks an interesting
alternative.} Nf8 9. d4 cxd4 10. Nxd4 Ne6 11. Ncb5 f6 {is also roughly level.})
({Of course} 8. c3 {must be fine and is the calmest way of handling the
position.}) 8... Nb6 9. Be3 d4 10. Bf2 f6 {This is Black's only real source of
counterplay.} 11. Bg3 {An odd bishop manoeuvre but I wanted to keep the e5
square.} O-O 12. Nbd2 fxe5 13. Nxe5 Nxe5 14. fxe5 Nd7 {Personally I think Joe
should have exchanged rooks.} (14... Rxf1+ 15. Qxf1 Nd7 16. Nf3 Bh6 {was also
possible with a highly double edged position. Personally I'd prefer White who
can try to break with b2-b4 but Black has trumps of his own such as the bishop
on h6. This is a position in which the computer isn't much use and it reckons
it is simply a draw with} 17. Rb1 a5 18. Ne1 Bg7 19. Nf3 Bh6 $11) 15. Nf3 Bh6
$1 {An important move as otherwise I could continue to play on the kingside
with Qe2 and Rae1 or even doubling on the f-file when White has a pleasant
edge.} 16. Qa4 {We had an interesting post-mortem as both Joe and I thought we
were clearly better in this position. White has ideas of b2-b4 and expanding
on the queenside, perhaps ganging up on d4 while Black loses time developing
his c8 bishop. On the other hand Black has a very good bishop on h6
controlling the important dark squares and if he has time to develop his
queenside pieces then he will stand very well. The truth, as always, is
probably that the position is roughly level.} Qb6 {Both of us considered it
necessary to prevent White from playing b4.} ({The computer has no such
concerns and thinks} 16... Be3+ 17. Kh1 Nb8 18. b4 cxb4 19. Qxb4 Na6 {is fine
for Black but I believe White to have an edge as d4 is rather vulnerable in
the long term.}) 17. Rab1 Qe6 (17... a5 {preventing b2-b4 should be considered
but Joe had overlooked my 19th.}) 18. b4 b6 {As b4 no longer forces the pawn
away from defending the d4-pawn and gets Black a move nearer completing his
development it's a strategic error. However I had already seen the following
tactic.} 19. Nxd4 $1 {Getting rid of the knight so that I can take over the
light squares. Had I allowed Black to play Bb7 then I would have stood worse.
Now, however, my bishop pair rake down the board and in fact I win back the
material by force.} Be3+ $1 {This is forced but after Joe's long think he was
basically playing on the 30 second increment for the rest of the game.} (19...
cxd4 20. Rxf8+ Kxf8 21. Bf3 {wins material:} b5 (21... Rb8 22. Bd5 Qf5 23. Be4
Qe6 24. Qxa7 $18 {and Black's pieces will drop off.}) 22. Qa5 Rb8 23. Bd5 Qb6
24. e6 $18) (19... Rxf1+ 20. Rxf1 cxd4 21. Bf3 {highlights the idea behind the
knight sacrifice. Black cannot both keep his material and stop Bd5 pinning the
queen. In fact he can limit it to a pawn deficit with} Be3+ 22. Kh1 Bb7 $1 23.
Bxb7 Rf8 {but obviously White has a huge advantage.}) 20. Kh1 Bxd4 {It's
important that the bishop controls the e5-square.} ({However} 20... Rxf1+ {
was the more accurate move order surprisingly as following} 21. Rxf1 Bxd4 22.
Bf3 {Black has} Bb7 $1 23. Bxb7 Rf8 {and due to the back rank mate threat
Black survives to fight on.}) (20... cxd4 $2 21. Rxf8+ Kxf8 22. Bf3 Rb8 23.
Qxa7 $18 {is a similar plan when White has a winning position.}) 21. Rxf8+ Kxf8
{The king must get off the a2-g8 diagonal.} (21... Nxf8 22. Bf3 Bd7 (22... b5
23. Qb3 $18) 23. b5 {and White wins material.}) 22. Rf1+ {I thought it would
be better to have this check thrown in but as Black has an amazing defence we
should consider the alternative.} (22. Bf3 $1 Rb8 (22... b5 23. cxb5 Rb8 24.
bxc5 Bxe5 25. Bf2 {and the two pawns are more than adequate compensation for
the piece as a7 will drop while Black still struggles to complete his
development.}) 23. Rf1 {is the more accurate move order.} Kg7 24. Bd5 b5 (24...
Qg4 25. e6 Ne5 26. Qe8 $1 $18) 25. Qd1 Qa6 26. Rf7+ Kh8 27. Rxe7 {and again my
attack would have been unstoppable.}) 22... Kg7 ({Running the king the other
direction with} 22... Ke8 {is very risky:} 23. Bf3 Rb8 24. Bd5 b5 (24... Qg4
25. e6 $18) 25. Qd1 Qb6 26. e6 Nf6 27. bxc5 Qxc5 (27... Bxc5 28. d4 $1 $18) 28.
Bxb8 Nxd5 29. cxd5 Qxd5 {and Black has survived to fight on the exchange down
but White is obviously on top.}) 23. Bf3 Qf5 {As we have already seen, 23...
Rb8 is losing and so we both felt this was Black's best try to stay in the
game.} ({However we overlooked} 23... Bb7 $1 {in Joe's time trouble and after}
24. Bxb7 Rf8 $11 {Strangely the position is just equal as the d4 bishop is so
strong.}) (23... Rb8 {would transpose to 22.Bf3!}) 24. Qc6 Rb8 25. e6 {Opening
the other diagonal and now both bishops rake down towards the unfortunate rook.
} Ne5 ({While waiting for him to move I suddenly panicked that} 25... Bb7 {
was strong. However I'd overlooked a rather important detail:} 26. Qxd7 Qxd3
27. Qxe7+ Kh8 28. Rd1 Qxf3 {This was the move that worried me. I'd seen that I
could play} 29. Be5+ {but in my head I couldn't work out what to do against}
Kg8 {I won't patronise you my giving an answer; suffice it to say I hope I
would have found it had we reached this position.} ({I'd seen} 29... Bxe5 30.
Rd8+ {was winning easily.})) 26. Qc7 Nxf3 $2 {With mere seconds left Joe gets
his move order muddled up.} ({In the post mortem he told me he intended} 26...
Qxe6 {when following} 27. Qxb8 Nxf3 28. Rxf3 Qe2 29. Qf4 Bf5 {Black is an
exchange down but the bishops are strong and gives him decent compensation.
Nevertheless White should be on top after} 30. bxc5 bxc5 31. h3 $16) 27. Qxe7+
Kh6 28. Rxf3 Rb7 29. Qd8 Qxe6 {This allows forced mate but} (29... Bxe6 30.
Rxf5 Bxf5 31. Bc7 $1 {was also trivial.}) 30. Bf4+ Kg7 31. Be5+ $1 {With
either Qf8 or Qh4 mate.} 1-0

[Event "Berliner Sommer 14th"]
[Site "Berlin"]
[Date "1996.08.16"]
[Round "7"]
[White "Thesing, Matthias"]
[Black "Kalinitschew, Sergey"]
[Result "0-1"]
[WhiteElo "2440"]
[BlackElo "2515"]
[Annotator "Kalinitschew,S"]
[PlyCount "59"]
[EventDate "1996.08.??"]
[EventType "swiss"]
[EventRounds "9"]
[EventCountry "GER"]
[SourceTitle "CBM 054 Extra"]
[Source "ChessBase"]
[SourceDate "1996.11.01"]
[SourceVersion "1"]
[SourceVersionDate "1996.11.01"]
[SourceQuality "1"]

1. e4 c5 2. Nc3 e6 3. f4 d5 4. Nf3 dxe4 5. Nxe4 Nc6 6. g3 (6. Bb5 Bd7 $11) 6...
Be7 (6... Nf6 $5 7. Nf2 g6 8. Bg2 Bg7 9. O-O O-O) 7. Bg2 Nf6 8. Nf2 (8. d3 Nxe4
9. dxe4 Qxd1+ 10. Kxd1 b6 11. c3 Ba6 12. Re1 O-O-O+ 13. Bd2 Rd7 14. Bf1 Bxf1
15. Rxf1 Rhd8 16. Kc2 Rd3 17. Rae1 {[%cal Gg3g4,Gh2h4] Kremenietsky,
A-Kalinitschew,S/Moscow Trud-ch 1978/} (17. g4 $5) 17... h5 $5 $15) 8... O-O 9.
O-O Qc7 10. b3 (10. d3 $142 b6 (10... Rd8 $5) 11. c3 Bb7 12. Qe2 Rad8 13. Bd2 {
[%cal Ga1d1]}) 10... b6 11. Bb2 Bb7 12. Qe2 Rad8 13. Rfe1 Rd7 14. Nd3 (14. Ne5
Rdd8 (14... Nd4 $5) 15. Nxc6 Bxc6 16. f5 Bxg2 17. Kxg2 Qc6+ 18. Kg1 exf5 $1 19.
Qxe7 Rde8 20. Qxa7 Ra8 21. Qe7 Rfe8 $19) 14... Nd4 (14... Ba6 15. c4) (14...
Rfd8) 15. Nxd4 cxd4 16. Ne5 Bxg2 $2 (16... Rdd8) 17. Kxg2 $2 (17. Nxd7 Ba8 18.
Nxf8 (18. Nxf6+ Bxf6 19. d3 $8 Qc6 20. Qe4 Qxc2 21. Qe2 Qc6 22. Qe4 Qc5 23. Qe2
h5 $17) 18... Qc6 (18... Bxf8 19. Kf2) 19. Rf1 $8 Bc5 (19... Ng4 $4 20. Qf3) (
19... Bxf8 20. Kf2 Ne4+ 21. Ke1 Bb4 22. Rd1 Qxc2 23. Bxd4) 20. d3 Bxf8 (20...
Kxf8 21. Kf2 Ng4+ 22. Ke1 Bb4+ (22... Ne3 23. Rg1) 23. Kd1 Ne3+ 24. Kc1 Bc3 $44
) (20... Bb4 21. Qf3 Qxf3 22. Rxf3 Bxf3 23. Nxe6 fxe6 24. Bxd4 $16) 21. Bxd4 (
21. Kf2 Ng4+ 22. Ke1 Ne3 23. Rg1 (23. Rc1 $2 Bb4+) 23... Nxc2+ 24. Kf2 Nxa1 25.
Bxa1 Bc5 $15) 21... Ng4 22. Qe4 Qxc2 23. Rf2 Qc8 24. Qe2 Qc6 (24... Nxf2 25.
Kxf2 Qc6 26. Rg1) 25. Qe4 $11) 17... Rd5 18. c4 dxc3 19. dxc3 Qb7 20. Nf3 Rfd8
21. Rad1 b5 $17 22. Rxd5 Nxd5 $1 23. f5 $2 $138 Bc5 24. fxe6 Ne3+ 25. Kh3 (25.
Kh1 Rd2 26. e7 Rxe2 27. e8=Q+ Bf8 28. Qxe3 (28. Rf1 Qxf3+ $1) 28... Rxe1+ $1
29. Qxe1 Qxf3+ 30. Kg1 Bc5+ $19) 25... Qc8 26. Nd4 (26. Ng5 h6 27. Bc1 (27. Qh5
Rf8) 27... hxg5 28. Bxe3 Qxe6+ 29. Qg4 f5 30. Qxg5 f4+ 31. g4 Rd3 $1 32. Qxc5
Rxe3+ 33. Rxe3 fxe3 $19) 26... Bxd4 27. cxd4 Qxe6+ 28. g4 h5 $1 29. Kg3 Qd6+
30. Kf3 {1.49-1.03} 0-1

[Event "GBR-ch 98th"]
[Site "Sheffield"]
[Date "2011.07.30"]
[Round "6"]
[White "Jones, Gawain C B"]
[Black "Bates, Richard"]
[Result "1-0"]
[WhiteElo "2418"]
[BlackElo "2373"]
[Annotator "Martin,A"]
[PlyCount "45"]
[EventDate "2011.07.24"]
[EventType "swiss"]
[EventRounds "11"]
[EventCountry "ENG"]
[SourceTitle "CBM 143 Extra"]
[Source "ChessBase"]
[SourceDate "2011.08.29"]
[SourceVersion "1"]
[SourceVersionDate "2011.08.29"]
[SourceQuality "1"]

1. e4 c5 2. d3 Nc6 3. f4 g6 4. Nf3 Bg7 5. Be2 $5 {Gawain has just produced a
book and DVD about the best way to tackle the Sicilian. Here he goes back to
an old idea of Larsen, which is simply to play a Dutch in reverse with an
extra tempo. This can hardly refute the Sicilian, but it puts Richard Bates to
the test early on.} d6 6. O-O Bg4 {Ambitious and might work better if there
was a knight on c3. There is a similar idea: 1.e4 c5 2.Nc3 Nc6 3.g3 g6 4.Bg2
Bg7 5.d3 d6 6.f4 Nf6 7.0-0 Bg4!? 8.h3 Bxf3 9.Qxf3 0-0 and Black continues ...
Nd7,...Rb8 and ...b7-b5. Exchanging off the bishop clears the decks.} ({
Black has plenty of options at his disposal:} 6... e6 7. Na3 Nge7 8. c3 O-O 9.
Be3 a6 10. d4 cxd4 11. Nxd4 b5 12. Nxc6 Nxc6 13. Qd2 Qc7 14. Rad1 Rd8 15. Nc2
Rb8 16. a3 Na5 17. e5 Bf8 18. b4 Nc6 19. Nd4 dxe5 20. fxe5 Nxe5 21. Bg5 Rd5 $17
{Larsen,B (2660)-Fischer,R (2760)/Denver 1971/Candidates/0-1 (40)}) (6... Nf6)
(6... e5) 7. Qe1 c4 $5 {Continuing with his ambition. 7...Nf6 was of course,
the less risky way. As you'll see below, this is not the first time Richard
Bates has ventured this line.} 8. dxc4 $146 (8. Kh1 cxd3 9. cxd3 Nf6 10. Nc3
Nd7 11. Ng5 Bxe2 12. Qxe2 Qa5 13. Nd5 Rc8 14. b4 Qd8 15. Bb2 Bxb2 16. Qxb2 O-O
17. b5 Ncb8 18. Rac1 Rxc1 19. Rxc1 Nb6 20. Ne3 Qd7 21. f5 $16 {Cobb,J (2401)
-Bates,R (2374)/Plovdiv 2010 /1/2-1/2 (46)}) 8... Qb6+ 9. Kh1 Bxb2 {The point
of the small combination, although Black must be very careful now as he is
leaving himself well behind in development.} 10. Bxb2 Qxb2 11. Nc3 Bxf3 $2 ({
He had to try} 11... Nf6 {and castle quickly. White can disrupt this plan after
} 12. e5 $1 {and then} dxe5 13. Rb1 $1 Qxc2 14. Bd1 $1 Qf5 15. fxe5 {leaves
Black precariously placed.}) 12. Bxf3 (12. Rb1 $1 Qa3 13. Bxf3 O-O-O 14. e5 {
also gives White a ferocious attack.}) 12... Qb4 13. Rb1 {It's fair to say
that from this point on, White's attack is too strong to meet.} Qxc4 14. Rxb7
Nd4 (14... Rb8 15. Rxb8+ (15. Rb3 $16) 15... Nxb8 16. Be2 (16. e5 dxe5 17. Bd5
Qa6 18. fxe5 Nh6 19. e6 f6 $13) 16... Qc5 17. e5 dxe5 18. Na4 Qd4 19. Qb1 Nd7
20. Bb5 Ngf6 21. c3 Qd6 22. Rd1 $18) 15. Nd5 Rc8 16. Rxa7 (16. Rb4 Qc5 17. Qa1
e5 18. Rb7 $1 $18) 16... Nxc2 17. Qb1 {Quite decisive.} Qc5 18. Qb7 Qc6 19.
Nc7+ Kd7 (19... Rxc7 20. Qxc7 Qxc7 21. Rxc7 Nd4 22. e5 Kf8 23. a4 $18) 20.
Qxc6+ {Leading to an attractive finish.} Kxc6 21. e5+ Kb6 22. Rb1+ Kxa7 23.
Rb7# {A miniature which illustrates the peril of commencing tactical
operations when development is not complete.} 1-0

[Event "Metz op 31th"]
[Site "Metz"]
[Date "2013.04.24"]
[Round "4"]
[White "Klek, Hanna Marie"]
[Black "Donchenko, Alexander"]
[Result "0-1"]
[WhiteElo "2332"]
[BlackElo "2428"]
[Annotator "Metz Alekhine/Primel,D"]
[PlyCount "78"]
[EventDate "2013.04.20"]
[EventType "swiss"]
[EventRounds "9"]
[EventCountry "FRA"]
[SourceTitle "EXT 2016"]
[Source "ChessBase"]
[SourceDate "2015.10.08"]
[SourceVersion "1"]
[SourceVersionDate "2015.10.08"]
[SourceQuality "1"]
[TimeControl "40/5400:1800+30"]
[WhiteClock "1:30:00"]
[BlackClock "1:30:00"]

1. e4 c5 2. d4 cxd4 3. c3 {Le gambit Morra a été relancé récemment après
la publication d'une monographie mais sa correction n'est toujours pas
démontrée mais devant l'échiquier, c'est souvent une mauvaise surprise pour
les Noirs} dxc3 4. Nxc3 Nc6 5. Nf3 d6 6. Bc4 a6 7. O-O Nf6 8. Bf4 {[%cal Ge4e5]
} (8. Qe2 Bg4 $132) (8. h3 e6 9. Bf4 Be7 10. Qe2 b5 11. Bb3 Na5 12. Rfd1 Qb6
13. Bc2 Bb7 14. e5 dxe5 15. Nxe5 Rc8 16. Bg5 Nc4 17. Bxf6 gxf6 18. Nxc4 Rxc4
19. Be4 Rg8 20. Bxb7 Qxb7 21. g3 f5 22. a4 Bc5 23. Kh2 Rf4 24. Rf1 b4 25. Nd1
Bd6 26. Rg1 Rf3 27. Rc1 Ke7 28. Ne3 Kf6 29. Rcd1 Bc5 30. Rd3 Bxe3 31. Rxe3 Rxe3
32. Qxe3 Qe4 33. Qh6+ Ke7 34. Rd1 Rg6 35. Qxh7 f4 36. Qh4+ Rf6 37. Rd7+ Kxd7 {
Berg,E (2539)-Hillarp Persson,T (2529) Gothenburg 2013 1/2-1/2 (66)}) 8... Bg4
$1 (8... e6 $143 {[%csl Rc8]} 9. Qe2 Be7 10. Rfd1 Qc7 11. Rac1 O-O 12. Bb3 {
[%cal Gc3d5]}) 9. h3 Bxf3 (9... Bh5) 10. Qxf3 e6 11. Rfd1 Qb8 $1 {[%csl Ge5]} (
11... Qc7 {La même idée que Qb8 pour surcontrôler la case "e5" mais la Qc7
est assez exposée} 12. Rac1 {[%cal Gc3d5]} Be7 13. Bb3 O-O 14. Nd5 $44 {
Anderson,J (2179)-Wells,P (2488) Brighton op 2012 (2) 1/2-1/2}) 12. Bb3 $146 (
12. Rac1 Be7 13. Qd3 Ne5 14. Bxe5 dxe5 15. Qe2 O-O 16. f4 b5 17. Bb3 Bc5+ 18.
Kh1 Bd4 19. g4 Bxc3 20. g5 Ne8 21. Rxc3 exf4 22. e5 g6 23. Qe4 Ng7 24. Qxf4 Nh5
25. Qe3 Qb7+ 26. Qf3 Qe7 27. h4 Qb4 28. Qf2 Qe4+ 29. Rf3 Rad8 30. Re1 Qb4 31.
a3 Qg4 32. Rf1 Rd4 33. Bxe6 Qxh4+ 34. Qxh4 Rxh4+ 35. Kg2 Rf4 36. Rxf4 Nxf4+ 37.
Rxf4 fxe6 38. Rf6 a5 39. Kg3 Re8 40. Kf4 Kg7 41. Kg4 a4 {Simoncini,F (2020)
-Rowson,J (2574) Porto Mannu 2013 0-1 (69)}) 12... Be7 13. Rd2 O-O 14. Rad1 Rd8
15. a4 $6 Qc7 $1 16. g4 $6 (16. Rc2 Qb6) 16... Ne5 $15 17. Qe2 h6 18. Be3 Rac8
{Les Noirs ont terminé le développement et les Blancs n'ont pas d'attaque}
19. f4 Nc4 20. Bxc4 Qxc4 21. Qf3 d5 $17 22. exd5 Nxd5 23. Nxd5 exd5 24. Rxd5
Qxa4 25. Rxd8+ Bxd8 26. Rd2 Qb3 27. Rf2 $2 Bh4 28. Re2 Bf6 29. Qf2 Re8 {
[%cal Ge8e3,Gf6d4]} 30. Kh2 Qd3 31. Re1 Bxb2 32. Qxb2 Rxe3 33. Rxe3 Qxe3 34.
Qxb7 Qxf4+ 35. Kg2 Qd2+ 36. Kg3 Qd3+ 37. Kg2 g6 38. Qb8+ Kh7 39. Qb7 Qc4 0-1